000 00244nam a2200109Ia 4500
008 190216s9999||||xx |||||||||||||| ||und||
100 _aMamoria C B
245 0 _aCo-Operation In India
260 _bKitab Mahal
650 _aCommerce
942 _cBK
999 _c3885
_d3885